[Event "St Veit op 41st"]
[Site "St Veit"]
[Date "2022.07.13"]
[Round "6"]
[White "Rogic, Davor"]
[Black "Navaratnam, Rohan Shan Tze"]
[Result "1/2-1/2"]
[WhiteElo "2474"]
[BlackElo "2071"]
[PlyCount "108"]
[EventDate "2022.07.09"]
[EventType "swiss"]
[EventRounds "9"]
[EventCountry "AUT"]
[SourceTitle "CBM 209 Extra"]
[Source "ChessBase"]
[SourceDate "2022.09.30"]
[SourceVersion "1"]
[SourceVersionDate "2022.09.30"]
[SourceQuality "1"]

1. e4 e6 2. d4 d5 3. Nd2 c5 4. exd5 Qxd5 5. Ngf3 cxd4 6. Bc4 Qd6 7. 0-0 Nf6 8. Nb3 Nc6 9. Nbxd4 Nxd4 10. Nxd4 Be7 11. c3 0-0 12. Qf3 Qc7 13. Bb3 Bd7 14. Bg5 h6 15. Bh4 Rad8 16. Rfe1 Bc6 17. Nxc6 bxc6 18. Rad1 Rxd1 19. Rxd1 Rd8 20. Bg3 Bd6 21. Qd3 Ne8 22. Ba4 Qc8 23. Qc4 Bxg3 24. hxg3 Rxd1+ 25. Bxd1 c5 26. Qa4 Qb8 27. Bf3 Nf6 28. b3 Qc7 29. Qc4 Qe5 30. Kh2 h5 31. a4 g5 32. b4 cxb4 33. cxb4 Qf5 34. Qd4 a6 35. b5 axb5 36. axb5 Ng4+ 37. Bxg4 hxg4 38. Qb2 Qh7+ 39. Kg1 f5 40. Qf6 Qd7 41. b6 Kh7 42. Qe5 Kg6 43. Qc7 Qd1+ 44. Kh2 Qd4 45. Qb8 Qxf2 46. Qe8+ Kf6 47. Qd8+ Kf7 48. Qc7+ Kg6 49. Qd6 f4 50. Qxe6+ Kh5 51. Qf7+ Kh6 52. Qf6+ Kh5 53. Qf7+ Kh6 54. Qf6+ Kh5 1/2-1/2

[Event "Bydgoszcz op-A"]
[Site "Bydgoszcz"]
[Date "2022.07.01"]
[Round "7"]
[White "Navaratnam, Rohan Shan Tze"]
[Black "Rudzinska, Michalina"]
[Result "1/2-1/2"]
[WhiteElo "2071"]
[BlackElo "2315"]
[PlyCount "121"]
[EventDate "2022.06.25"]
[EventType "swiss"]
[EventRounds "10"]
[EventCountry "POL"]
[SourceTitle "CBM 209 Extra"]
[Source "ChessBase"]
[SourceDate "2022.09.30"]
[SourceVersion "1"]
[SourceVersionDate "2022.09.30"]
[SourceQuality "1"]

1. d4 Nf6 2. c4 e6 3. Nf3 c5 4. Nc3 cxd4 5. Nxd4 d5 6. cxd5 Nxd5 7. Bd2 Be7 8. e4 Nxc3 9. Bxc3 0-0 10. Bd3 Qb6 11. 0-0 Rd8 12. Nf3 Nc6 13. Qe2 Nb4 14. Bc4 Nc6 15. h4 Bb4 16. h5 Bxc3 17. bxc3 Qc5 18. e5 Bd7 19. Qe4 h6 20. Bd3 Kf8 21. Rab1 Qd5 22. Rxb7 Bc8 23. Rc7 Qxd3 24. Qxc6 Qd5 25. Qa4 a5 26. Qa3+ Kg8 27. Qe7 Rf8 28. c4 Qd3 29. Qd6 Qc2 30. Rd1 Ba6 31. Rd2 Qb1+ 32. Kh2 Qf5 33. Rd1 Qxh5+ 34. Kg1 Qf5 35. Qc6 Qc2 36. Rd2 Qc1+ 37. Kh2 Rfd8 38. Rxd8+ Rxd8 39. Qxa6 Qf4+ 40. Kh3 Qf5+ 41. Kg3 g5 42. Rc8 Qf4+ 43. Kh3 g4+ 44. Kh4 gxf3+ 45. Kh3 Rxc8 46. Qxc8+ Kg7 47. Qc5 h5 48. gxf3 Qxf3+ 49. Kh2 Qf4+ 50. Kg2 Kg6 51. Qxa5 Qxc4 52. Qa3 h4 53. Qf3 Qxa2 54. Qf6+ Kh5 55. Qxf7+ Kg5 56. Qf6+ Kh5 57. Kh3 Qc4 58. Qf3+ Kg5 59. Qf6+ Kh5 60. Qh8+ Kg5 61. Qf6+ 1/2-1/2

[Event "Bydgoszcz op-A"]
[Site "Bydgoszcz"]
[Date "2022.06.30"]
[Round "6"]
[White "Janik, Igor"]
[Black "Navaratnam, Rohan Shan Tze"]
[Result "1-0"]
[WhiteElo "2519"]
[BlackElo "2071"]
[PlyCount "105"]
[EventDate "2022.06.25"]
[EventType "swiss"]
[EventRounds "10"]
[EventCountry "POL"]
[SourceTitle "CBM 209 Extra"]
[Source "ChessBase"]
[SourceDate "2022.09.30"]
[SourceVersion "1"]
[SourceVersionDate "2022.09.30"]
[SourceQuality "1"]

1. c4 e6 2. g3 d5 3. Bg2 c5 4. d3 Nf6 5. Bg5 dxc4 6. dxc4 Qxd1+ 7. Kxd1 h6 8. Bf4 g5 9. Be5 Nbd7 10. Bc3 Bg7 11. h4 g4 12. h5 Ke7 13. Rh4 Rg8 14. Nd2 Bh8 15. Kc2 Rg5 16. e4 e5 17. Ne2 Rxh5 18. Rxh5 Nxh5 19. Rh1 Nhf6 20. Rxh6 Bg7 21. Rh4 b6 22. Nf1 Bb7 23. Ne3 Rh8 24. Nf5+ Kf8 25. Kd3 Rxh4 26. gxh4 Kg8 27. Nd6 Ba8 28. Ng3 Bf8 29. Nb5 a6 30. Nc7 Bb7 31. Nd5 Ne8 32. Bf1 Bxd5 33. exd5 Kh7 34. Be2 Nef6 35. Ne4 Nxe4 36. Kxe4 Kg6 37. Bxg4 Nf6+ 38. Kf3 e4+ 39. Kg3 Bd6+ 40. Kh3 Nxg4 41. Kxg4 f5+ 42. Kh3 b5 43. b3 bxc4 44. bxc4 Kh5 45. Bf6 Kg6 46. Bd8 Kh5 47. Bg5 Bf8 48. Bf4 Be7 49. Bg3 Bd8 50. d6 Kg6 51. d7 Kf6 52. h5 Ke6 53. Bh4 1-0

[Event "Asian Hybrid"]
[Site "Tornelo INT"]
[Date "2021.05.25"]
[Round "5"]
[White "Baasansuren, Erdene"]
[Black "Navaratnam, Rohan Shan Tze"]
[Result "1/2-1/2"]
[WhiteElo "2229"]
[BlackElo "2071"]
[PlyCount "89"]
[EventDate "2021.05.21"]
[EventType "swiss"]
[EventRounds "9"]
[EventCountry "NET"]
[SourceTitle "CBM 202 Extra"]
[Source "ChessBase"]
[SourceDate "2021.07.31"]
[SourceVersion "1"]
[SourceVersionDate "2021.07.31"]
[SourceQuality "1"]

1. Nf3 d5 2. c4 e6 3. g3 Nf6 4. Bg2 Be7 5. 0-0 0-0 6. b3 c5 7. Bb2 Nc6 8. e3 b6 9. Nc3 Bb7 10. cxd5 Nxd5 11. Nxd5 Qxd5 12. d4 Rfd8 13. Ne5 Qd6 14. Qf3 Nxe5 15. Qxb7 Nd3 16. Ba3 Nb4 17. Bxb4 Rab8 18. Bxc5 bxc5 19. Qxa7 cxd4 20. exd4 Bf6 21. Rac1 Bxd4 22. Qa4 h5 23. Bf3 h4 24. Kg2 Qe5 25. Qc6 Ba7 26. Rc4 Rd2 27. Rxh4 Qe3 28. Qe4 Qxe4 29. Bxe4 Rxa2 30. Bh7+ Kf8 31. Bd3 Ke7 32. Rf4 Rd8 33. Rf3 Rb2 34. Rc1 Rxf2+ 35. Rxf2 Bxf2 36. Rc7+ Kf6 37. Be2 Bb6 38. Rb7 Rd2 39. Kf3 Bg1 40. h3 Rc2 41. h4 Rc3+ 42. Kg2 Rc2 43. Kf3 Rc3+ 44. Kg2 Rc2 45. Kf3 1/2-1/2

[Event "Asian Hybrid"]
[Site "Tornelo INT"]
[Date "2021.05.23"]
[Round "3"]
[White "Tin, Jingyao"]
[Black "Navaratnam, Rohan Shan Tze"]
[Result "1-0"]
[WhiteElo "2482"]
[BlackElo "2071"]
[PlyCount "97"]
[EventDate "2021.05.21"]
[EventType "swiss"]
[EventRounds "9"]
[EventCountry "NET"]
[SourceTitle "CBM 202 Extra"]
[Source "ChessBase"]
[SourceDate "2021.07.31"]
[SourceVersion "1"]
[SourceVersionDate "2021.07.31"]
[SourceQuality "1"]

1. d4 d5 2. c4 e6 3. Nf3 c5 4. cxd5 exd5 5. g3 Nc6 6. Bg2 Nf6 7. 0-0 Be7 8. dxc5 Bxc5 9. a3 Ne4 10. Nfd2 f5 11. Nc3 Be6 12. Nb3 Bb6 13. Na4 d4 14. Nd2 Nxd2 15. Bxd2 0-0 16. Rc1 Bd5 17. Bg5 Qd7 18. Nc5 Qf7 19. Bxd5 Qxd5 20. Qc2 Bxc5 21. Qxc5 Qxc5 22. Rxc5 Rae8 23. Re1 d3 24. Be3 dxe2 25. Rc2 g5 26. Bxg5 Nd4 27. Rc3 h6 28. Bf4 Rf6 29. Kg2 b5 30. f3 Rb6 31. b4 a5 32. bxa5 Ra6 33. Kf2 Nc6 34. Bxh6 Nxa5 35. Bc1 Rae6 36. Rc2 Nb3 37. Bb2 Rh6 38. h4 f4 39. Rcxe2 Rxe2+ 40. Rxe2 Nc5 41. Rd2 Ne6 42. Be5 fxg3+ 43. Kxg3 Rh7 44. Rd6 Re7 45. Kg4 Kf7 46. h5 Ra7 47. h6 Nf8 48. f4 Rxa3 49. Rf6+ 1-0

[Event "Zonal 3.3 Online"]
[Site "Tornelo INT"]
[Date "2021.05.03"]
[Round "3"]
[White "Lam, Choong Wai Edwin"]
[Black "Navaratnam, Rohan Shan Tze"]
[Result "0-1"]
[WhiteElo "1787"]
[BlackElo "2071"]
[PlyCount "76"]
[EventDate "2021.05.01"]
[EventType "swiss"]
[EventRounds "9"]
[EventCountry "PHI"]
[SourceTitle "CBM 202 Extra"]
[Source "ChessBase"]
[SourceDate "2021.07.31"]
[SourceVersion "1"]
[SourceVersionDate "2021.07.31"]
[SourceQuality "1"]

1. Nf3 Nf6 2. c4 b6 3. b3 Bb7 4. d4 g6 5. Nc3 Bg7 6. Bb2 0-0 7. e3 c5 8. Be2 cxd4 9. exd4 d5 10. 0-0 Nc6 11. a3 Rc8 12. b4 dxc4 13. Bxc4 e6 14. Qd3 Ne7 15. Ba6 Qc7 16. Rac1 Qb8 17. Bxb7 Qxb7 18. Nb5 Nf5 19. Qb3 Nd5 20. Rxc8 Rxc8 21. g4 a6 22. gxf5 axb5 23. fxe6 fxe6 24. Ng5 Nf4 25. f3 Qd5 26. Qxd5 exd5 27. Bc1 Rxc1 28. Rxc1 Ne2+ 29. Kf2 Nxc1 30. Ne6 Kf7 31. Nc7 Bxd4+ 32. Ke1 Nd3+ 33. Kd2 Nf4 34. Nxb5 Bg1 35. h3 Nxh3 36. a4 h5 37. Nd6+ Ke6 38. Nc8 Kd7 0-1

[Event "Online Olym Div3 A"]
[Site "Chess.com INT"]
[Date "2020.08.08"]
[Round "6.4"]
[White "Kanyamarala, Tarun"]
[Black "Navaratnam, Rohan Shan Tze"]
[Result "1/2-1/2"]
[WhiteElo "2381"]
[BlackElo "2071"]
[PlyCount "111"]
[EventDate "2020.08.07"]
[EventType "team-tourn (rapid)"]
[EventRounds "9"]
[EventCountry "USA"]
[SourceTitle "CBM 198"]
[Source "ChessBase"]
[SourceDate "2020.10.31"]
[SourceVersion "1"]
[SourceVersionDate "2020.10.31"]
[SourceQuality "1"]
[WhiteTeam "Ireland"]
[BlackTeam "Malaysia"]
[WhiteTeamCountry "IRL"]
[BlackTeamCountry "MAS"]

1. Nf3 d5 2. c4 e6 3. e3 Nf6 4. b3 c5 5. Bb2 Nc6 6. g3 Bd6 7. Bg2 0-0 8. 0-0 Qe7 9. Nc3 dxc4 10. bxc4 Rd8 11. a3 b6 12. Qc2 Bb7 13. Nb5 h6 14. Nxd6 Rxd6 15. d4 cxd4 16. exd4 Rc8 17. Bc3 Nxd4 18. Nxd4 Bxg2 19. Kxg2 Rxc4 20. Qb2 Qb7+ 21. Kg1 Ne4 22. Nb5 Rd3 23. Rad1 Ng5 24. f3 Rxf3 25. Rd8+ Kh7 26. Qg2 Qe7 27. Rxf3 Nxf3+ 28. Qxf3 Qxd8 29. a4 a6 30. Na3 Rc7 31. Qe4+ Kg8 32. Qe5 f6 33. Qxe6+ Kh8 34. Qe3 Qd1+ 35. Kf2 Qb3 36. Bd4 Qxe3+ 37. Kxe3 Rc6 38. Kd3 Kg8 39. Ke4 Kf7 40. Kd5 Re6 41. Nc4 b5 42. axb5 axb5 43. Nd6+ Ke7 44. Nxb5 Re2 45. h4 Rg2 46. Bc5+ Kf7 47. Bd6 g5 48. hxg5 fxg5 49. Nd4 h5 50. Nf3 Kg6 51. Ke6 Re2+ 52. Ne5+ Kh7 53. Be7 h4 54. gxh4 gxh4 55. Bxh4 Rxe5+ 56. Kxe5 1/2-1/2

[Event "Online Olym Div3 A"]
[Site "Chess.com INT"]
[Date "2020.08.08"]
[Round "5.3"]
[White "Navaratnam, Rohan Shan Tze"]
[Black "Lee, Qing Aun"]
[Result "1-0"]
[WhiteElo "2071"]
[BlackElo "2262"]
[PlyCount "81"]
[EventDate "2020.08.07"]
[EventType "team-tourn (rapid)"]
[EventRounds "9"]
[EventCountry "USA"]
[SourceTitle "CBM 198"]
[Source "ChessBase"]
[SourceDate "2020.10.31"]
[SourceVersion "1"]
[SourceVersionDate "2020.10.31"]
[SourceQuality "1"]
[WhiteTeam "Malaysia"]
[BlackTeam "Singapore"]
[WhiteTeamCountry "MAS"]
[BlackTeamCountry "SIN"]

1. e4 e6 2. d4 d5 3. Nc3 Bb4 4. e5 c5 5. Bd2 Nc6 6. Nb5 Bxd2+ 7. Qxd2 Nxd4 8. Nxd4 cxd4 9. 0-0-0 Ne7 10. Nf3 Qc7 11. Qxd4 Bd7 12. h4 Rc8 13. Bd3 Nc6 14. Qf4 h6 15. Rh3 Qa5 16. a3 b5 17. Rg3 g6 18. Nd4 Nxd4 19. Qxd4 Qa4 20. Qxa4 bxa4 21. Be2 Ke7 22. Rg4 a5 23. c3 Rc7 24. Rd2 Rb8 25. Bd1 Bb5 26. Bxa4 Bc4 27. Bd1 Rd8 28. Rdd4 Rb8 29. Rgf4 Kf8 30. h5 gxh5 31. Rf6 Rcb7 32. Bxh5 Rxb2 33. Rxf7+ Kg8 34. Rg4+ Kh8 35. Rf6 Rb1+ 36. Kd2 R1b2+ 37. Ke3 Re2+ 38. Kd4 Kh7 39. Bg6+ Kh8 40. Bd3 Bxd3 41. Kxd3 1-0

[Event "World ol U16"]
[Site "Corum"]
[Date "2019.11.03"]
[Round "6.13"]
[White "Navaratnam, Rohan Shan Tze"]
[Black "Tanriverdi, Enes"]
[Result "0-1"]
[WhiteElo "2061"]
[BlackElo "2401"]
[PlyCount "60"]
[EventDate "2019.10.29"]
[EventType "team-swiss"]
[EventRounds "9"]
[EventCountry "TUR"]
[SourceTitle "CBM 192 Extra"]
[Source "Chessbase"]
[SourceDate "2019.11.06"]
[SourceVersion "1"]
[SourceVersionDate "2019.11.06"]
[SourceQuality "1"]
[WhiteTeam "Malaysia"]
[BlackTeam "Turkey Red"]
[WhiteTeamCountry "MAS"]
[BlackTeamCountry "TUR"]

1. e4 c5 2. Nf3 e6 3. b3 b6 4. Bd3 Bb7 5. 0-0 d6 6. Bb2 Nd7 7. Na3 Ngf6 8. e5 dxe5 9. Nxe5 Nxe5 10. Bxe5 Qd5 11. Bb5+ Nd7 12. Qf3 Qxf3 13. gxf3 0-0-0 14. Bg3 h5 15. h4 Bxf3 16. Nc4 f6 17. a4 a5 18. Bxd7+ Kxd7 19. Nxb6+ Kc6 20. Nc4 Rd4 21. c3 Rg4 22. Nxa5+ Kd7 23. Nc4 g5 24. Ne3 f5 25. Nxg4 hxg4 26. a5 Bd6 27. a6 Rxh4 28. Bxh4 gxh4 29. d4 h3 30. dxc5 h2# 0-1

[Event "Eastern Asia-ch U18 4th"]
[Site "Bangkok"]
[Date "2019.08.02"]
[Round "1.3"]
[White "Navaratnam, Rohan Shan Tze"]
[Black "Tran, Dang Minh Quang"]
[Result "0-1"]
[WhiteElo "2228"]
[BlackElo "2025"]
[PlyCount "72"]
[EventDate "2019.08.02"]
[EventType "swiss"]
[EventRounds "9"]
[EventCountry "THA"]
[SourceTitle "EXT 2024"]
[Source "ChessBase"]
[SourceDate "2023.10.10"]
[SourceVersion "1"]
[SourceVersionDate "2023.10.10"]
[SourceQuality "1"]

1. e4 c5 2. Nf3 e6 3. b3 Nc6 4. Bb2 d6 5. d4 cxd4 6. Nxd4 Bd7 7. Nb5 Qb8 8. Ba3 d5 9. exd5 Qe5+ 10. Be2 0-0-0 11. Bxf8 Qxa1 12. N5c3 Rxf8 13. dxc6 Bxc6 14. Qd4 Nf6 15. 0-0 Qb2 16. Qxa7 Rd8 17. Bb5 Bd5 18. Ba4 Ne4 19. Qa8+ Kc7 20. Qa5+ Kb8 21. Nxe4 Bxe4 22. Nc3 f5 23. Qe5+ Ka8 24. Qa5+ Kb8 25. Qe5+ Ka8 26. Qc7 Qxc2 27. b4 Qd2 28. Qa5+ Kb8 29. b5 Bd3 30. b6 Ba6 31. Rd1 Qf4 32. Re1 Rd2 33. f3 Qd4+ 34. Kh1 Rc8 35. Nb5 Qf2 36. Rg1 Qxg1+ 0-1